000 00480nam a2200145Ia 4500
003 OSt
005 20260128121904.0
008 211028s2018 xx 000 0 und d
040 _cAIMIT LIBRARY
041 _aeng
100 _aThereri, Ambili Nair; Wright, Rowena.
_g1616012
_97769
245 _aStudy on the effect of training and development programmes on work performance at western India plywood ltd Kannur /
260 _aMangalore
_bRoyce Baretto.
_c2018
942 _2ddc
_cPRO
999 _c219337
_d219337